| Registos Bibliográficos associados ao registo de autoridade |
|
Etiqueta de registo: 00000nbm 2200025 450 001 2215502 003 http://id.bnportugal.gov.pt/bib/catbnp/2215502 100 ## $a20250526j17711774k y0pory01030103ba 101 0# $aita 102 ## $aIT$aES$aPT 105 ## $ay z 000yy 106 ## $ah 200 1# $a [ Cartas de Monsenhor Conti, Núncio Apostólico em Lisboa, enviadas a Francisco de
Almada de Mendonça] 210 #1 $aLisboa;$aMadrid;$aTorino;$aBarcelona,$d1771-1774 215 ## $a1 livro ([305] f.) (154 documentos)$d26 cm 300 ## $aOriginais assinados 307 ## $aEncadernação em cartão; lombada com a indicação: "Lettere da Lisbona Monsignore Conti
IX" 316 ## $aCota antiga - BNP/ALB/Av.Roma/PACOTE 62/N.º 018/CX. 62A/16817-16970 317 ## $aIntegra o Arquivo de Família Almada e Lencastre Bastos adquirido pela BNL, aos herdeiros,
em 1974 321 1# $aDescrito em: Gago, Alice João Palma Borges - Arquivos e práticas arquivísticas de
famílias de elite : (Portugal, séculos XV-XVII). Lisboa : [s.n.], 2019. 3 vol. Tese
dout. História (Arquivística Histórica), Fac. de Ciências Sociais e Humanas 327 11 $aCapilha com 154 documentos$aLombada com a indicação: "Lettere da Lisbona Monsignore Conti IX" 516 1# $aLettere da Lisbona Monsignore Conti IX 700 #1 $aConti,$bInnocenzo,$f1731-1785$4070$31956080 702 #1 $aMendonça,$bFrancisco de Almada e,$f1720?-1783$4660$31716012 722 ## $aFamília Almada e Lencastre Bastos$4390$31877471 801 #0 $aPT$bBN$gRPC 966 ## $lBN$mRESARQ$sALB/ROMA/16817-16970$x2 971 ## $d2024PRRARQ 995 ## $aPRR2024
Etiqueta de registo: 00000nbm 2200025 450 001 2222684 003 http://id.bnportugal.gov.pt/bib/catbnp/2222684 100 ## $a20250807j17720930k y0pory01030103ba 101 0# $alat 102 ## $aPT 105 ## $ay z 000yy 106 ## $ah 200 1# $a [ Breve de secularização de José de Almeida Sousa e Sá, filho de Gonçalo de Almeida,
frade do Mosteiro da Graça de Lisboa] 210 #1 $aLisboa,$d30 de Setembro de 1772 215 ## $a[1] f.$cpergaminho$d369 x 507 mm 300 ## $aOriginal assinado, com selo de chapa 317 ## $aIntegra o Arquivo dos Condes de Tarouca comprado aos herdeiros do 12.º Conde de Tarouca,
D. Sebastião José Eduardo Pereira da Silva de Sousa e Meneses, (1855-1934), em 1971 321 1# $aGuia Preliminar dos Fundos de Arquivo da Biblioteca Nacional. Lisboa: IBNL, 1994.
P. 198-199 321 1# $aInventário do Arquivo da Casa Tarouca - lista dactilografada organizada tematicamente,
que acompanhou o Arquivo aquando da sua compra pela Biblioteca Nacional em 1971 700 #1 $aConti,$bInnocenzo,$f1731-1785$31956080 711 02 $aCasa dos Condes de Tarouca$4070$366456 801 #0 $aPT$bBN$gRPC 966 ## $lBN$mRESARQ$nR. 218834$sA.T. 46b//098 $x2 971 ## $d2024PRRARQ
Etiqueta de registo: 00254nbm 2200025 450 001 2287260 003 http://id.bnportugal.gov.pt/bib/catbnp/2287260 100 ## $a20250529j17750214k y0pory01030103ba 101 0# $aita rPTITT r 102 ## $aPT$aIT 105 ## $ay z 000yy 106 ## $ah 200 1# $a [ Correspondência entre Sebastião José de Carvalho e Melo e Innocenzo Conti (Núncio
Apostólico em Portugal de 1770 a 1774) sobre o Conclave de 1774]$hN. XXIV-XXV$bManuscrito] 210 #1 $aRoma;$aLisboa,$d14 de Fevereiro de 1775 215 ## $aF. [130-139]$d30 cm 300 ## $aOriginais autógrafos assinados ("Do proprio punho do Cardeal Conti", nota autógrafa
de Sebastião José de Carvalho e Melo) e cópias 304 ## $aTexto em italiano 307 ## $aManchado pela tinta ferrogálica e humidade 316 ## $aCota antiga: V-5-35 327 11 $aIntegra o "Compendio Historico E Collecçaõ Das Instrucçoens, e Negociaçoens, Officios,
e Cartas, que manifestam o que passou: Entre esta Corte e a de Madrid: Entre ambas
ellas, e a de Roma desde a intempestiva morte do Santo Padre Clemente XIV em 22 de
Setembro de 1774 athe a inesperada Elleiçaõ do Summo Pontifice Pio VI" 701 #1 $aPombal,$cMarquês de,$f1699-1782$4070$371369 701 #1 $aConti,$bInnocenzo,$f1731-1785$4070$31956080 801 #0 $aPT$bBN$gRPC 966 ## $lBN$mRESMAN$sCOD. 7202//24 966 ## $lBN$mRESMAN$sCOD. 7202//25 971 ## $cipires$d20260529
Etiqueta de registo: 00254nbm 2200025 450 001 2287245 003 http://id.bnportugal.gov.pt/bib/catbnp/2287245 100 ## $a20250529j1775 k y0pory01030103ba 101 0# $aita rPTITTpor 102 ## $aPT$aIT 105 ## $ay z 000yy 106 ## $ah 200 1# $a [ Cartas de Innocenzo Conti para Niccola Paglianni sobre o Conclave e a eleição do
Papa Pio VI (Giovanni Angelico Braschi)]$hN. XXII e N. XXVI$bManuscrito] 210 #1 $aRoma,$d2 e 14 Febr.o 1775 215 ## $aF. [126] e [140]$d30 cm 300 ## $aOriginais e cópias 304 ## $aTexto em italiano 307 ## $aManchado pela tinta ferrogálica e humidade 316 ## $aCota antiga: V-5-35 327 11 $aIntegra o "Compendio Historico E Collecçaõ Das Instrucçoens, e Negociaçoens, Officios,
e Cartas, que manifestam o que passou: Entre esta Corte e a de Madrid: Entre ambas
ellas, e a de Roma desde a intempestiva morte do Santo Padre Clemente XIV em 22 de
Setembro de 1774 athe a inesperada Elleiçaõ do Summo Pontifice Pio VI" 700 #1 $aConti,$bInnocenzo,$f1731-1785$31956080 801 #0 $aPT$bBN$gRPC 966 ## $lBN$mRESMAN$sCOD. 7202//22 966 ## $lBN$mRESMAN$sCOD. 7202//26 971 ## $cipires$d20260529
Etiqueta de registo: 00254nbm 2200025 450 001 2287308 003 http://id.bnportugal.gov.pt/bib/catbnp/2287308 100 ## $a20250601j1775 k y0pory01030103ba 101 0# $apor rPTITTpor$aita 102 ## $aPTIT$aIT 105 ## $ay z 000yy 106 ## $ah 200 1# $a [ Correspondência de Sebastião José de Carvalho e Melo sobre a eleição do Papa Pio
VI e as relações diplomáticas com a Santa Sé]$hN. XXVII$bManuscrito] 210 #1 $a[Lisboa];$aRoma,$d7 de Abril de 1775-11 de Nov[embr]o de 1775 215 ## $aF. [141-193]$d31 cm 300 ## $aOriginais autógrafos assinados e cópias coevas 304 ## $aTexto em português e italiano 307 ## $aManchado pela tinta ferrogálica e humidade 316 ## $aCota antiga: V-5-35 327 11 $aIntegra o "Compendio Historico E Collecçaõ Das Instrucçoens, e Negociaçoens, Officios,
e Cartas, que manifestam o que passou: Entre esta Corte e a de Madrid: Entre ambas
ellas, e a de Roma desde a intempestiva morte do Santo Padre Clemente XIV em 22 de
Setembro de 1774 athe a inesperada Elleiçaõ do Summo Pontifice Pio VI" 701 #1 $aPallavicini,$bLazzaro Opizio,$f1719-1785$4070$31851640 701 #1 $aPombal,$cMarquês de,$f1699-1782$4070$371369 701 #1 $aConti,$bInnocenzo,$f1731-1785$4070$31956080 702 #1 $aCastro,$bMartinho de Melo e,$f1716-1795$4660$364349 702 #1 $aMendonça,$bFrancisco de Almada e,$f1720?-1783$4660$31716012 711 02 $aIgreja Católica.$bPapa,$c1775-1799 (Pio VI)$4070$3130863 801 #0 $aPT$bBN$gRPC 966 ## $lBN$mRESMAN$sCOD. 7202//27 971 ## $cipires$d20260601
|
|
|